LEADER 01294nam a2200265 4500 001 000000337683 003 CaOOAMICUS 005 20191205121526.0 008 191104s2003 it 000 u ita r 020 $a88-315-2408-9 040 $aSeMil$bita 245 10$aAssenza, più acuta presenza :$bil percorso umano di fronte all'esperienza della perdita e del lutto /$ca cura di Livia Crozzoli Aite. 264 1$aMilano :$bPaoline,$c2003. 300 $a396 p. ;$c22 cm 650 4$aMorte - Aspetti socio-culturali.$0(OLS)http://semarc/subject/3809 650 4$aMorte - Aspetti psicologici.$0(OLS)http://semarc/subject/7211 650 4$aLutto - Aspetti psicologici.$0(OLS)http://semarc/subject/13523 700 1 $aCrozzoli Aite, Livia,$ecuratore.$0(OLS)http://semarc/name/110448 830 0$aSaggistica Paoline ;$v14.$0(OLS)http://semarc/title/10059 850 $aSeMil 852 $aSeMil$W1$xVenegono$y1$m2O VII 72$j218063$B230079$CSeMilBibl$Z2$F230079 $81 996 $6020$a88-315-2408-9$9(OLS)http://semarc/number/289102 996 $6245$aAssenza, più acuta presenza :$bil percorso umano di fronte all'esperienza della perdita e del lutto$9(OLS)http://semarc/title/426648 996 $6264$aMilano :$bPaoline$9(OLS)http://semarc/publisher/29684 LEADER 00616nam a2200169 i 4500 001 000000084918 003 CaOOAMICUS 005 20131114000000.0 008 131114s1882 it u000 u ita u 013 $a57158 040 $aSeMil$bita 245 10$aVol. 1. 300 $aXXXII, 544 p. 773 0 $aConti, Augusto <1822-1905>$tStoria della filosofia.$b3. ed. novamente corretta dall'Autore e con nuova prefazione.$dFirenze : G. Barbèra, 1882.$gVol: 1$w()4318 850 $aSeMil 852 $aSeMil$W1$xVenegono$y1$m2R II 54 FA$j49083$B49083$CSeMilBibl$Z2$F52517 $8I 996 $6245$aVol. 1$9(OLS)http://semarc/title/13429